Statistics for Junk food

Click here to take the quiz!

General Stats

  • This quiz has been taken 72 times
  • The average score is 6 of 8

Answer Stats

Hint Answer % Correct
birthday dishcake
98%
____ friesfrench
91%
a slap of dough with a hole, served with frostingdonut
86%
cold dairy treatice cream
82%
comes good with mustard and ketchuphot dog
80%
baked chocolate squaresbrownies
68%
a thin slice of potato fried or baked until crisppotato chips
50%
spanish treatchurro
30%

Score Distribution

Percentile by Number Answered

Percent of People with Each Score

Your Score History

You have not taken this quiz